Открытие мира: роман; в 3 томах; Т. 1

Podrobná bibliografie
Hlavní autor: Смирнов В. А. Василий Александрович
Další autoři: Чалмаев В. (автор предисловия), Трофимов С. А. (иллюстратор)
Jazyk:ruština
Vydáno: Москва, Советская Россия, 1989
Témata:
Médium: Kniha
KOHA link:https://koha.lib.tpu.ru/cgi-bin/koha/opac-detail.pl?biblionumber=149846

MARC

LEADER 00000nam0a2200000 4500
001 149846
005 20231031150031.0
010 |a 5268007866 
010 |a 5-268-00557-X 
020 |a RU  |b 89-1482 
035 |a (RuTPU)RU\TPU\book\162451 
090 |a 149846 
100 |a 20081223g1989 m y0rusy5003 ca 
101 0 |a rus 
102 |a RU 
105 |a a z 000ay 
200 1 |a Открытие мира  |e роман   |e в 3 томах  |h Т. 1  |f В. А. Смирнов  |g авт. предисл. В. Чалмаев ; худож. С. А. Трофимов 
210 |a Москва  |c Советская Россия  |d 1989 
215 |d 21 см  |a 672 с.  |c ил. 
610 1 |a Дети в России 
610 1 |a Крестьянство в России 
610 1 |a советская литература 
610 1 |a романы 
675 |a Р2  |z rus 
700 1 |a Смирнов  |b В. А.  |g Василий Александрович  |4 070 
702 1 |a Чалмаев  |b В.  |4 080 
702 1 |a Трофимов  |b С. А.  |4 440 
801 0 |a RU  |b RuMRKP  |c 19950417  |g psbo 
801 1 |a RU  |b 63413507  |c 20081223  |g PSBO 
801 2 |a RU  |b 63413507  |c 20090915  |g PSBO 
942 |c BK